Catálogo

NORMAS INTERNACIONALES DE AUDITORIA : (Registro nro. 49375)

Detalles MARC
000 -LEADER
fixed length control field 00971nam a2200181 a 4500
001 - CONTROL NUMBER
control field 49375
005 - DATE AND TIME OF LATEST TRANSACTION
control field 20180714034037.0
008 - FIXED-LENGTH DATA ELEMENTS--GENERAL INFORMATION
fixed length control field 140415s2001 mx 000 0 spa d
020 ## - INTERNATIONAL STANDARD BOOK NUMBER
International Standard Book Number 970665089X
041 ## - LANGUAGE CODE
Language code of text/sound track or separate title spa
082 ## - DEWEY DECIMAL CLASSIFICATION NUMBER
Classification number 657.45
Item number NOR
245 00 - TITLE STATEMENT
Title NORMAS INTERNACIONALES DE AUDITORIA :
Remainder of title PRONUNCIAMIENTOS TECNICOS
250 ## - EDITION STATEMENT
Edition statement 6a ed.
260 ## - PUBLICATION, DISTRIBUTION, ETC.
Place of publication, distribution, etc. MEXICO :
Name of publisher, distributor, etc. INSTITUTO MEXICANO DE CONTADORES PUBLICOS,
Date of publication, distribution, etc. 2001
300 ## - PHYSICAL DESCRIPTION
Extent 280
Dimensions 22 x 15.9 x 3.4
520 ## - SUMMARY, ETC.
Summary, etc. ESTE LIBRO CONSTITUYE COMO UNA HERRAMIENTA DEL CONTADOR PÚBLICO EN LA PRÁCTICA DE LA AUDITORÍA, TAN ÚTIL EN SU BIBLIOTECA, POR SU CONTENIDO ACTUALIZADO COMO PUEDE SER EL DE NORMAS Y PROCEDIMIENTOS DE AUDITORÍA DE LA CONPA DEL IMCP. CONTIENE LA ESENCIA DE LA PRÁCTICA INTERNACIONAL DE AUDITORÍA Y DE LOS INFORMES QUE EL AUDITRO DEBE PRESENTAR COMO PRODUCTO DE SUS TRABAJOS DE AUDITORIA EN EL AMBIENTE INTERNACIONAL.
650 14 - SUBJECT ADDED ENTRY--TOPICAL TERM
Topical term or geographic name entry element AUDITORIA
General subdivision CIENCIAS ADMINISTRATIVAS
-- CONTABILIDAD
Existencias
Withdrawn status Lost status Source of classification or shelving scheme Damaged status Not for loan Collection code Home library Current library Shelving location Date acquired Source of acquisition Inventory number Total Checkouts Full call number Barcode Date last seen Price effective from Koha item type
    Dewey Decimal Classification     General Biblioteca Karol Wojtyla Biblioteca Karol Wojtyla Sala general 03/12/2013 Compra 151000000000000000021188   657.45 NOR 73823 05/01/2026 03/12/2013 Libro